ENDODONTICS PRINCIPLES AND PRACTICE. (Record no. 9875)

MARC details
000 -LEADER
fixed length control field 00350nam a22001457a 4500
020 ## - INTERNATIONAL STANDARD BOOK NUMBER
International Standard Book Number 978-81-312-3889-9
082 ## - DEWEY DECIMAL CLASSIFICATION NUMBER
Classification number 617.6342,E15T
100 ## - MAIN ENTRY--PERSONAL NAME
Personal name TORABINEJAD,MAHMOUD
245 ## - TITLE STATEMENT
Title ENDODONTICS PRINCIPLES AND PRACTICE.
250 ## - EDITION STATEMENT
Edition statement 5TH
260 ## - PUBLICATION, DISTRIBUTION, ETC. (IMPRINT)
Place of publication, distribution, etc ST.LOUIS,MISSOURI
Name of publisher, distributor, etc ELSEVIER
Year of Publication 2015
300 ## - PAGE DESCRIPTION
No. of Pages 482
650 ## - SUBJECT ADDED ENTRY--TOPICAL TERM
Topical term or geographic name as entry element CONSERVATIVE
942 ## - ADDED ENTRY ELEMENTS (KOHA)
Source of classification or shelving scheme Dewey Decimal Classification
Koha item type Books
Holdings
Withdrawn status Lost status Source of classification or shelving scheme Damaged status Not for loan Home library Current library Shelving location Date acquired Vendor Name Cost, normal purchase price SGTU Bill Number Total Checkouts Full call number Accession No. (Barcode) Date last seen Bill Date Koha item type
    Dewey Decimal Classification     SGT Dental Library SGT Dental Library Reference Book 07/09/2016 ABC 2145.00 SGTU 6923   617.6342,E15T FD7415 07/09/2016   Books